Özümüz sözümüz sazımız (Muğla Türküleri) / (Record no. 60427)
[ view plain ]
| 000 -LEADER | |
|---|---|
| fixed length control field | 00798 a2200277 4500 |
| 001 - CONTROL NUMBER | |
| control field | 60427 |
| 003 - CONTROL NUMBER IDENTIFIER | |
| control field | TR-AnTOB |
| 005 - DATE AND TIME OF LATEST TRANSACTION | |
| control field | 20190408214130.0 |
| 008 - FIXED-LENGTH DATA ELEMENTS--GENERAL INFORMATION | |
| fixed length control field | 110628b tu 000 0 |
| 020 ## - INTERNATIONAL STANDARD BOOK NUMBER | |
| International Standard Book Number | 9944600776 |
| 041 ## - LANGUAGE CODE | |
| Language code of text/sound track or separate title | Türkçe |
| 050 #0 - LIBRARY OF CONGRESS CALL NUMBER | |
| Classification number | M1824.T8 |
| Item number | Ö98 2006 |
| 090 ## - LOCALLY ASSIGNED LC-TYPE CALL NUMBER (OCLC); LOCAL CALL NUMBER (RLIN) | |
| Classification number (OCLC) (R) ; Classification number, CALL (RLIN) (NR) | M1824.T8 Ö98 2006 |
| 245 #0 - TITLE STATEMENT | |
| Title | Özümüz sözümüz sazımız (Muğla Türküleri) / |
| Statement of responsibility, etc. | haz.Fatma Çadır, H.İlker Altınsoy. |
| 246 #3 - VARYING FORM OF TITLE | |
| Title proper/short title | Muğla Türküleri |
| 264 #1 - PRODUCTION, PUBLICATION, DISTRIBUTION, MANUFACTURE, AND COPYRIGHT NOTICE | |
| Place of production, publication, distribution, manufacture | Muğla : |
| Name of producer, publisher, distributor, manufacturer | Muğla Ticaret Odası, |
| Date of production, publication, distribution, manufacture, or copyright notice | 2006. |
| 300 ## - PHYSICAL DESCRIPTION | |
| Extent | 496 s. :res.; |
| Dimensions | 20 cm. |
| 504 ## - BIBLIOGRAPHY, ETC. NOTE | |
| Bibliography, etc. note | |
| 650 ## - SUBJECT ADDED ENTRY--TOPICAL TERM | |
| Topical term or geographic name entry element | Folk music |
| Geographic subdivision | Turkey |
| -- | Muğla ili |
| 9 (RLIN) | 32387 |
| Topical term or geographic name entry element | Halk müziği |
| Geographic subdivision | Türkiye |
| -- | Muğla ili |
| 9 (RLIN) | 32388 |
| 700 ## - ADDED ENTRY--PERSONAL NAME | |
| Personal name | Altınsoy, H. İlker |
| 9 (RLIN) | 32385 |
| Personal name | Çadır, Fatma |
| 9 (RLIN) | 32386 |
| 901 ## - LOCAL DATA ELEMENT A, LDA (RLIN) | |
| a | 0018364 |
| 902 ## - LOCAL DATA ELEMENT B, LDB (RLIN) | |
| a | bs |
| 942 ## - ADDED ENTRY ELEMENTS (KOHA) | |
| Koha item type | Book |
| Withdrawn status | Lost status | Source of classification or shelving scheme | Materials specified (bound volume or other part) | Not for loan | Collection code | Home library | Current library | Shelving location | Date acquired | Source of acquisition | Cost, normal purchase price | Total Checkouts | Total Holds | Full call number | Barcode | Copy number | Date shelved | Koha item type | Date last seen |
|---|---|---|---|---|---|---|---|---|---|---|---|---|---|---|---|---|---|---|---|
| c.2 | Ödünç Verilebilir / Available | Genel Koleksiyon | Merkez Kütüphane | Merkez Kütüphane | Genel Koleksiyon / Main Collection | 27/12/2007 | Bağış / Donation | 0.01 | M1824.T8 Ö98 2006 | 0018367 | 2 | 21/04/2010 | Book | ||||||
| C.1 | Ödünç Verilebilir / Available | Genel Koleksiyon | Merkez Kütüphane | Merkez Kütüphane | Genel Koleksiyon / Main Collection | 27/12/2007 | Bağış / Donation | 0.01 | M1824.T8 Ö98 2006 | 0018364 | 1 | 21/04/2010 | Book | ||||||
| Library of Congress Classification | c.3 | Ödünç Verilebilir / Available | Genel Koleksiyon | Merkez Kütüphane | Merkez Kütüphane | Genel Koleksiyon / Main Collection | 22/05/2025 | Bağış / Donation | M1824.T8 Ö98 2006 c.3 | T000103 | 3 | 22/05/2025 | Book | 22/05/2025 | |||||
| Library of Congress Classification | c.4 | Ödünç Verilebilir / Available | Genel Koleksiyon | Merkez Kütüphane | Merkez Kütüphane | Genel Koleksiyon / Main Collection | 22/05/2025 | Bağış / Donation | M1824.T8 Ö98 2006 c.4 | T000104 | 4 | 22/05/2025 | Book | 22/05/2025 |
